000 01081cam a2200229 4500
001 ABS65887
008 020911n2002 000 0 eng u
035 _a(Sirsi) u119672
100 _aBrett, M.
245 _aInvaluable chance to rethink accounts
260 _c2002
490 _aEstates Gazette
_v 7 September 2002, 62(1)
520 _aReviews the tax changes that are occuring and how they affect the way property is treated. Points out that by 2005, if companies are listed they will have to produce accounts that conform to the standards issued by the International Accounting Standards Board. International versions of these standards are themselves undergoing revision and many UK domestic standards are going to be brought into line with these. Alongside all these changes, the government is planning major changes to the corporation tax system.
590 _aABS
650 _aTAXATION
650 _aPROPERTY TAXES
650 _aCORPORATION TAX
650 _aACCOUNTING STANDARDS BOARD
650 _aCAPITAL ALLOWANCES
690 _aTAXATION
942 _n0
999 _c71142
_d71142